El legado pedagógico de un maestro innovador /
Uloženo v:
| Hlavní autor: | |
|---|---|
| Další autoři: | |
| Médium: | Elektronický zdroj E-kniha |
| Jazyk: | španělština |
| Vydáno: |
Santander :
Editorial Universidad Cantabria,
2020.
|
| Edice: | Cantabria 4 estaciones ;
62. |
| Témata: | |
| On-line přístup: | Digitalia Hispánica |
| Tagy: |
Přidat tag
Žádné tagy, Buďte první, kdo vytvoří štítek k tomuto záznamu!
|
MARC
| LEADER | 00000nam a2200000Ii 4500 | ||
|---|---|---|---|
| 001 | DIGUCANT0128 | ||
| 003 | NyNyDIG | ||
| 007 | cr ||||||||||| | ||
| 008 | 220621s2020 sp o 000 0 spa d | ||
| 006 | m o d | ||
| 035 | |a (OCoLC)1281983251 | ||
| 040 | |a DGITA |b eng |e rda |e pn |c DGITA | ||
| 020 | |a 9788481029468 |q eBook |q pdf | ||
| 020 | |z 9788481029451 | ||
| 043 | |a e-sp--- | ||
| 050 | 1 | 4 | |a LA911.8 ebook |
| 100 | 1 | |a García Barredo, Dionisio, |d 1890-1965, |e author. | |
| 245 | 1 | 3 | |a El legado pedagógico de un maestro innovador / |c Dionisio J. García Barredo ; estudio preliminar, José Ramón López Bausela. |
| 264 | 1 | |a Santander : |b Editorial Universidad Cantabria, |c 2020. | |
| 300 | |a 1 online resource. | ||
| 336 | |a text |b txt |2 rdacontent | ||
| 337 | |a computer |b c |2 rdamedia | ||
| 338 | |a online resource |b cr |2 rdacarrier | ||
| 347 | |a text file |2 rdaft | ||
| 347 | |b PDF | ||
| 490 | 1 | |a Cantabria 4 estaciones ; |v 62 | |
| 588 | 0 | |a Online resource; title from PDF title page (Digitalia, viewed June 21, 2022) | |
| 600 | 1 | 0 | |a García Barredo, Dionisio, |d 1890-1965. |
| 650 | 0 | |a Teaching |z Spain. | |
| 650 | 0 | |a Education |z Spain. | |
| 655 | 0 | |a Electronic books. | |
| 700 | 1 | |a López Bausela, José Ramón, |e contributor agent of text. | |
| 791 | 2 | |a Digitalia (Firm), |e distributor. | |
| 793 | 0 | |g Digitalia eBook Collection: |a Ediciones Universidad Cantabria | |
| 776 | 0 | 8 | |i Print version: |a García Barredo, Dionisio, 1890-1965. |t Legado pedagógico de un maestro innovador. |d Santander : Editorial Universidad Cantabria, 2020 |z 9788481029451 |
| 830 | 0 | |a Cantabria 4 estaciones ; |v 62. | |
| 856 | 4 | 0 | |3 Digitalia Hispánica |u https://digitalia.unach.elogim.com/a/103063/ |
| 910 | |a Premium collection: 2022 | ||